| 000 | 00831nam a22002172i 4500 | ||
|---|---|---|---|
| 003 | AM-YEHGA | ||
| 005 | 20250617163534.0 | ||
| 008 | 160210s1961 ru ||||| |||||||| ||rus d | ||
| 040 | _aAM-YeHGA | ||
| 041 | 0 | _arus | |
| 044 | _aru | ||
| 245 | 0 | 0 |
_aСправочник землеустроителя _cПод ред. С. А. Удачина и А. Т. Панфилова |
| 260 |
_aМосква: _bСельхозиздат, _c1961. |
||
| 300 |
_a440 с., 1 л. карт. _bил. _c20 см |
||
| 500 | _aАвт. разделов: С. А. Удачин, Г. В. Чешихин, Е. И. Шустиков и др. | ||
| 650 | 7 | _aЗемлеустройство - Справочники | |
| 700 | 1 |
_aУдачин, Сергей Александрович _eРедактор |
|
| 942 |
_2udc _cBK |
||
| 001 | 1723274 | ||
| 090 | _c511565 | ||
| 999 |
_c508125 _d508125 |
||